00673 2200253 4500001002100000005001700021008004100038035002400079082001000103090001700113100002300130245007800153260003200231300002000263500002500283650001400308700001800322700001800340850001500358980001200373985000600385986001300391999001500404YOGYA-0209000001034120090227022031.0 ind  0010-020900000010341 a321.8 a321.8bSim A aSIMORANGKIR, J.C.T aAku warga negara indinesiacJ.C.T Simorangkir, C.S.T Kansil, Rudy T Erwin aJakartabGunung agungc1978 a...jilidc21 cm aYang diterima : Jl.2 aPancasila aKansil, C.S.T aErwin, Rudy T aYOPDYOG(B) a11-7-05 a1 aPrrthrev aP000010309